Text book of physiology (Record no. 4805)

MARC details
000 -LEADER
fixed length control field 00834 a2200217 4500
020 ## - INTERNATIONAL STANDARD BOOK NUMBER
International Standard Book Number 8177391208 (set)
Terms of availability 400.00 (each)
035 ## - SYSTEM CONTROL NUMBER
System control number B-211500-501
037 ## - SOURCE OF ACQUISITION
Source of stock number/acquisition RP-ZLS-2776 / UBH-07-08:6 / RP-07-08:ENG
082 ## - DEWEY DECIMAL CLASSIFICATION NUMBER
Classification number 612
090 ## - LOCALLY ASSIGNED LC-TYPE CALL NUMBER (OCLC); LOCAL CALL NUMBER (OCLC)
-- 4898
-- 4898
100 1# - MAIN ENTRY--PERSONAL NAME
Personal name Jain, A.K.
245 1# - TITLE STATEMENT
Title Text book of physiology
Statement of responsibility, etc by A.K. Jain
250 ## - EDITION STATEMENT
Edition statement 3rd rev. ed.
260 ## - PUBLICATION, DISTRIBUTION, ETC. (IMPRINT)
Place of publication, distribution, etc Kala Amb (Office in Delhi also)
Name of publisher, distributor, etc Avichal Publishing
Date of publication, distribution, etc 2007r
270 ## - ADDRESS
Address 30, Naiwala,
City Karol Bagh
State or province Delhi
Postal code 110005
Telephone number 25862745
Fax number 25716921
300 ## - PHYSICAL DESCRIPTION
Extent 2V, 600, lii, 601-1162, lii p
Dimensions 24 cm (pbk)
500 ## - GENERAL NOTE
General note This is reprint 2007
942 ## - ADDED ENTRY ELEMENTS (KOHA)
Institution code [OBSOLETE] dpl
Koha item type English Books
Call number prefix / JAI
Holdings
Withdrawn status Lost status Source of classification or shelving scheme Damaged status Not for loan Collection code Home library Current library Cost, normal purchase price Total Checkouts Total Renewals Full call number Barcode Date last seen Copy number Uniform Resource Identifier Cost, replacement price Price effective from Koha item type Date acquired Date checked out
    Dewey Decimal Classification   Ordered Non-fiction Sarojini Nagar Sarojini Nagar 400.00     612 JAI B-211500 15/09/2008 1 5100 400.00 15/09/2008 English Books    
    Dewey Decimal Classification     Non-fiction Sarojini Nagar Sarojini Nagar   3     B-211501 23/08/2021   5101 18.00 15/09/2008 English Books   14/06/2019

© Delhi Public Library
Hit Counter
free hit counter